000 00875cam a2200265 i 4500
001 bg
003 KOSZ 005
005 20240405063026.0
008 010521s1977 pl |000 0 pol
015 _aPB 1977/2019
040 _aWA N
_cKOSZ 005/HR
_dKOSZ 005/HR
041 0 _apol
_bfre
_brus
080 _a342.7(438)
100 1 _aWawrzyniak, Jan
_d(1945- )
_eAutor
245 1 0 _aRówność obywateli PRL :
_bstudium prawno-polityczne /
_cJan Wawrzyniak.
260 _aWarszawa :
_bPańst. Wydaw. Naukowe,
_c1977.
300 _a254, [2] s. ;
_c20 cm.
504 _aBibliogr.
546 _aSpis treści również fr., ros.
650 4 _aRówność (prawo)
_zPolska.
648 _a1901-2000
648 _a1945-1989
856 _uhttp://koha.tu.koszalin.pl/cgi-bin/koha/opac-detail.pl?biblionumber=17423
_yKatalog online BPK
942 _2UKD
_cKS
999 _c17423
_d17423